Labor-management relations 2005/2006 (Record no. 80557)

MARC details
000 -LEADER
fixed length control field 01283nam a2200241 a 4500
008 - FIXED-LENGTH DATA ELEMENTS--GENERAL INFORMATION
fixed length control field 090827s2006 ||||||||||||||||| || u
020 ## - INTERNATIONAL STANDARD BOOK NUMBER
International Standard Book Number 0073109177
050 ## - LIBRARY OF CONGRESS CALL NUMBER
Classification number HD 6958.5 Lab
100 ## - MAIN ENTRY--PERSONAL NAME
Personal name Brofsky, Keith
245 10 - TITLE STATEMENT
Title Labor-management relations 2005/2006
Statement of responsibility, etc. compiled by John Overby
246 ## -
-- Annual editions: labor-management relations 2005/2006
250 ## - EDITION STATEMENT
Edition statement 1st ed.
260 ## - PUBLICATION, DISTRIBUTION, ETC.
Place of publication, distribution, etc. Dubuque, IA
Name of publisher, distributor, etc. McGraw-Hill
Date of publication, distribution, etc. 2006
300 ## - PHYSICAL DESCRIPTION
Extent xx, 219p.: ill.
350 ## -
-- 0.00
650 #0 - SUBJECT ADDED ENTRY--TOPICAL TERM
Topical term or geographic name entry element MANAGEMENT
650 ## - SUBJECT ADDED ENTRY--TOPICAL TERM
Topical term or geographic name entry element INDUSTRIAL RELATIONS--PERIODICALS
700 ## - ADDED ENTRY--PERSONAL NAME
Personal name Overby, John
995 ## -
-- MAIN LIBRARY OPEN ACCESS
-- 0.00
-- 740322
-- CBU-MAIN LIBRARY (Kitwe)
-- 1
-- 0.00
-- HD 6958.5 LAB
-- 3
-- AVAILABLE
-- Aug 27, 2009
-- 740322
-- Main Library Open Access Collection
995 ## -
-- ANNEX COLLECTION (Main Library)
-- 0.00
-- 740320
-- CBU-MAIN LIBRARY (Kitwe)
-- 1
-- 0.00
-- HD 6958.5 LAB
-- 1
-- AVAILABLE
-- Aug 27, 2009
-- 740320
-- Annex Low-Usage Collection
995 ## -
-- MAIN LIBRARY OPEN ACCESS
-- 0.00
-- 740321
-- CBU-MAIN LIBRARY (Kitwe)
-- 1
-- 0.00
-- HD 6958.5 LAB
-- 2
-- AVAILABLE
-- Aug 27, 2009
-- 740321
-- Main Library Open Access Collection
995 ## -
-- ANNEX COLLECTION (Main Library)
-- 0.00
-- 740323
-- CBU-MAIN LIBRARY (Kitwe)
-- 1
-- 0.00
-- HD 6958.5 LAB
-- 4
-- AVAILABLE
-- Aug 27, 2009
-- 740323
-- Annex Low-Usage Collection
999 ## -
-- 80557
-- 80557
Holdings
Withdrawn status Lost status Source of classification or shelving scheme Damaged status Not for loan Permanent Location Current Location Shelving location Date acquired Total Checkouts Full call number Barcode Date last seen Copy number Price effective from Koha item type
          CBU-MAIN LIBRARY, KITWE. CBU-MAIN LIBRARY, KITWE.   06/30/2023   HD 6958.5 Lab 740322 06/30/2023 1 06/30/2023 MONOGRAPH
          CBU-MAIN LIBRARY, KITWE. CBU-MAIN LIBRARY, KITWE.   06/30/2023   HD 6958.5 Lab 740320 06/30/2023 2 06/30/2023 MONOGRAPH
          CBU-MAIN LIBRARY, KITWE. CBU-MAIN LIBRARY, KITWE.   06/30/2023   HD 6958.5 Lab 740321 06/30/2023 3 06/30/2023 MONOGRAPH
          CBU-MAIN LIBRARY, KITWE. CBU-MAIN LIBRARY, KITWE.   06/30/2023   HD 6958.5 Lab 740323 06/30/2023 4 06/30/2023 MONOGRAPH